01305nam a22002417a 45000010005000000030006000050050017000110080041000280200018000690400034000870500009001210820010001301000011001402450082001512600054002333000047002875050007003345200610003415210027009515210018009786500047009967000020010437428FISKH20250715091848.0250715b cb ||||| |||| 00| 0 eng d a9789833435302 aFISKHbengcFISKHdFISKH173.9 aPZ7  a173.9 aShilpi aThe Midas touch : Scholar's popular fairy tales / cEdited by Shilpi & Deepti aKuala Lampur : bScholar's Publications, c2010.  a16 pages : bcolor illustrations ; c28 cm aJ  aThe Midas Touch is a retelling of the classic Greek myth about King Midas, a wealthy but greedy man who wishes that everything he touches would turn to gold. At first, Midas is thrilled with his newfound power. He turns flowers, furniture, and even food into shining gold. But soon, he realizes the curse of his wish—he cannot eat, drink, or hug his daughter without turning her to gold. The story teaches a powerful lesson about greed, gratitude, and the true value of life. Midas ultimately begs for the gift to be taken away, learning that riches mean nothing without love, joy, and human connection.8 a500 bLexile estimate 8 aJ bRaz-Plus  aMoral Story vGreedxCharacter Building  aDeeptieAuthor